000 004980000a22001690004500
020 _a84-8164-461-7
041 0 _aSPA
082 0 4 _aR 223.2 T785n
100 1 _aTrebolle Barrera, Julio
245 1 0 _aLibro de los Salmos : Religión, poder y saber / Julio Trebolle Barrera
260 _aSagasta, Madrid, España : Trotta
300 _a286 Pag
440 0 _aColección Estructuras y Procesos. Serie Religión
650 1 4 _aINTERPRETACION DE LA BIBLIA A.T. - SALMOS
001 2317
942 _cBK
999 _c33243
_d33243